00506nam a2200133Ia 4500008004100000100002500041245009200066245006400158260005300222260000900275300001200284650001500296856006100311170221s9999 xx 000 0 und d aVladimir L. Kurbatov aConceptual View of the Mechanism of Innovative Development by the Level in the Economy  cVladimir L. Kurbatov, Svetlana M. Naumenko, Maria V. Halina bInternational Review of Management and Marketing c2016 a15 : 20 xMarketing. uhttp://www.econjournals.com/index.php/irmm/issue/view/70